Comparative industrial systems

Guardat en:
Dades bibliogràfiques
Autor principal: Buck, Trevor
Format: Llibre
Idioma:Undetermined
Publicat: Hongkong The Macmillan Press 1982
Matèries:
Etiquetes: Afegir etiqueta
Sense etiquetes, Sigues el primer a etiquetar aquest registre!
Thư viện lưu trữ: Trung tâm Học liệu Trường Đại học Cần Thơ
LEADER 00495nam a2200181Ia 4500
001 CTU_87754
008 210402s9999 xx 000 0 und d
082 |a 338.5 
082 |b B922 
100 |a Buck, Trevor 
245 0 |a Comparative industrial systems 
245 0 |c Trevor Buck 
260 |a Hongkong 
260 |b The Macmillan Press 
260 |c 1982 
650 |a Comparative economics,Industrial policy 
904 |i Tuyến 
980 |a Trung tâm Học liệu Trường Đại học Cần Thơ